Vytvoria región s daňovými prázdninami pre investorov?

Bibliographic Details
Main Author: Hovorková, Zora (Author)
Format: Article
Language:Slovak
PhysicalDescription:1 foto
Subjects:

MARC

LEADER 00000nab a2200000 a 4500
001 vtls001008764
003 SK-MaSNL
005 20260305030918.0
008 040720e20000105xo 0 slo
035 |a RV9364 
040 |a RVGKPD  |b slo  |c RVGKPD  |e AACR2 
041 0 |a slo 
044 |a xo  |c SK 
080 |a 338.48  |2 1981 
100 1 |a Hovorková, Zora  |4 aut  |9 865806 
245 1 0 |a Vytvoria región s daňovými prázdninami pre investorov? 
300 |b 1 foto 
650 0 7 |a cestovný ruch  |2 RVGKPD  |9 999 
650 0 7 |a Gemersko-Spišský koridor  |2 RVGKPD  |9 1024022 
650 0 7 |a projekt rozvoja turizmu  |2 RVGKPD  |9 1024023 
651 7 |a Rožňava (Slovensko : okres)  |2 RVGKPD  |9 19215 
651 7 |a Spišská Nová Ves (Slovensko : okres)  |2 RVGKPD  |9 22259 
655 7 |a periodikum  |2 snkbucl  |9 29553 
773 0 8 |t Gemerský denník  |g Roč. 2, č.3, 5.1.2000, s. 7 
852 |a ZVYKNI  |b KIS3GCP 
999 |c 3313636  |d 3315566